| 000 | 01336nam0a22002411 4500 | ||
|---|---|---|---|
| 001 | rc\272959 | ||
| 005 | 20030307120039.6 | ||
| 010 |
_a5-250-00697-3 _9100000 |
||
| 035 | _a(NLR Aleph) 005487682 | ||
| 090 |
_a5173964 _c5173964 |
||
| 100 | _a20030307d1990 u |0rusy50 ca | ||
| 101 | 0 | _arus | |
| 102 | _aRU | ||
| 105 | _ay ||||||||| | ||
| 200 | 1 |
_aДоклад о земле на Втором Всероссийском съезде Советов 26 октября (8 ноября) 1917 г. _aДоклад о работе в деревне на VIII съезде РКП(б) 23 марта 1919 г. _aДоклад о замене разверстки натуральным налогом на X съезде РКП(б) 15 марта 1921 г. _aДоклад о продовольственном налоге на X Всероссийской конференции РКП(б) 26 мая 1921 г. _aДоклад о новой экономической политике на VII Московской губпартконференции 29 октября 1921 г. |
|
| 210 |
_aМ. _cПолитиздат _d1990 |
||
| 215 |
_a76, [2] с. _d21 |
||
| 700 | 1 |
_aЛенин _bВ. И. _f1870-1924 _gВладимир Ильич |
|
| 801 | 0 |
_aRU _bNLR _gpsbo |
|
| 801 | 1 |
_aRU _bELAR _2rusmarc |
|
| 852 |
_aNLR _bЛ _j1-Сб/308-10 |
||
| 942 | _cBOOK | ||
| 980 | _aNB | ||